[Event "DVM U12 2015"]
[Site "Magdeburg GER"]
[Date "2015.12.27"]
[Round "2"]
[White "Brunner, Sophia"]
[Black "Schubert, Christoph"]
[Result "1-0"]
[Termination "normal"]
[Board "10.1"]
[WhiteElo "1585"]
[BlackElo "1447"]
[WhiteTeam "Hagener SV"]
[BlackTeam "USV TU Dresden"]
[PlyCount "85"]
[WhiteFideId "12960683"]
[EventCountry "GER"]
[EventRounds "7"]
[EventType "team-swiss"]
[EventDate "2015.12.26"]

1. d4 d5 2. Nc3 c6 3. Bf4 Nf6 4. f3 e6 5. Qd2 Be7 6. O-O-O O-O 7. g4 c5 8. e3
Bd7 9. h4 a6 10. h5 h6 11. g5 hxg5 12. Bxg5 Nh7 13. Bxe7 Qxe7 14. Be2 b5 15.
Nh3 c4 16. Nb1 Nc6 17. c3 a5 18. Rdg1 b4 19. Nf4 Qf6 20. Rg2 Kh8 21. Rgh2 Rab8
22. Qc2 b3 23. axb3 Rxb3 24. Ng6+ Kg8 25. Nxf8 Nxf8 26. Bd1 e5 27. Qg2 Rb7 28.
Rg1 exd4 29. exd4 Qf4+ 30. Qd2 Qf6 31. Rhg2 Ne6 32. f4 Qf5 33. Bg4 Qxf4 34.
Bxe6 Qxd2+ 35. Rxd2 Bxe6 36. Rdg2 Bf5 37. Rxg7+ Kf8 38. R7g5 Be4 39. Nd2 a4 40.
Nxe4 dxe4 41. h6 Ne7 42. h7 Ng6 43. Rxg6 1-0

[Event "DVM U12 2015"]
[Site "Magdeburg GER"]
[Date "2015.12.27"]
[Round "2"]
[White "Wehner, Tobias"]
[Black "Scheidt, Mike Niklas"]
[Result "0-1"]
[Termination "normal"]
[Board "10.2"]
[WhiteElo "1296"]
[BlackElo "1393"]
[WhiteTeam "USV TU Dresden"]
[BlackTeam "Hagener SV"]
[PlyCount "110"]
[WhiteFideId "16224000"]
[BlackFideId "12965235"]
[EventCountry "GER"]
[EventRounds "7"]
[EventType "team-swiss"]
[EventDate "2015.12.26"]

1. e4 d5 2. exd5 Qxd5 3. Nc3 Qa5 4. Qe2 Nf6 5. Qb5+ Nc6 6. d4 a6 7. Qxa5 Nxa5
8. Nf3 Bf5 9. Kd1 O-O-O 10. Be3 Nc6 11. Ne2 e5 12. c3 Bg4 13. Ke1 Bxf3 14. gxf3
exd4 15. Bh3+ Kb8 16. Nxd4 Nxd4 17. Bxd4 Bd6 18. Bxf6 gxf6 19. Bg4 Rhe8+ 20.
Kf1 Bc5 21. b4 Bb6 22. Kg2 Rd2 23. Bf5 Rg8+ 24. Kh3 Rxf2 25. Rhf1 Rfg2 26. Rfe1
h5 27. Re8+ Rxe8 28. Kxg2 Re2+ 29. Kg3 Bf2+ 30. Kh3 Re3 31. Kg2 Be1 32. Rc1
Bxc3 33. Rd1 Bxb4 34. Rd8+ Ka7 35. Rd7 Re7 36. Rd4 Bd6 37. Rh4 c5 38. Bd3 b5
39. Rxh5 c4 40. Bc2 Re2+ 41. Kh3 Rxh2+ 42. Kg4 Rxc2 43. Rh7 Rxa2 44. Rxf7+ Kb6
45. Rxf6 Kc6 46. Rh6 c3 47. f4 c2 48. Rh1 Ba3 49. Rh6+ Bd6 50. Rh1 b4 51. Kg3
b3 52. Rc1 Ba3 53. Re1 c1=Q 54. Re6+ Bd6 55. Kf3 Qxf4# 0-1

[Event "DVM U12 2015"]
[Site "Magdeburg GER"]
[Date "2015.12.27"]
[Round "2"]
[White "Lindemann, Jarno"]
[Black "Thamm, Marti Jann"]
[Result "0-1"]
[Termination "normal"]
[Board "10.3"]
[WhiteElo "1364"]
[BlackElo "1055"]
[WhiteTeam "Hagener SV"]
[BlackTeam "USV TU Dresden"]
[PlyCount "82"]
[WhiteFideId "12977934"]
[EventCountry "GER"]
[EventRounds "7"]
[EventType "team-swiss"]
[EventDate "2015.12.26"]

1. d4 d5 2. Nc3 Nf6 3. Bf4 g6 4. e3 Bf5 5. f3 Bg7 6. Qd2 Nc6 7. Nb5 Rc8 8. Bd3
Bxd3 9. Qxd3 a6 10. Nc3 O-O 11. O-O-O Qe8 12. Nge2 e5 13. dxe5 Nxe5 14. Bxe5
Qxe5 15. Nxd5 Nxd5 16. Qxd5 Qxb2+ 17. Kd2 Rcd8 18. Ke1 Rxd5 19. Rxd5 Bc3+ 20.
Kf2 Bf6 21. Rhd1 Qxc2 22. R1d2 Qc6 23. Nf4 Re8 24. e4 Be5 25. Ne2 Qb6+ 26. Nd4
c6 27. Rd7 Rd8 28. Rxd8+ Qxd8 29. Nb3 Qb6+ 30. Kf1 Qb5+ 31. Kf2 a5 32. Rd8+ Kg7
33. Ra8 b6 34. h3 a4 35. Nd2 Qb2 36. Rd8 Bc3 37. Ke3 Bxd2+ 38. Rxd2 Qc3+ 39.
Rd3 Qe1+ 40. Kf4 Qc1+ 41. Kg3 c5 0-1

[Event "DVM U12 2015"]
[Site "Magdeburg GER"]
[Date "2015.12.27"]
[Round "2"]
[White "Petzold, Maik"]
[Black "Schmidt, Ben"]
[Result "0-1"]
[Termination "normal"]
[Board "10.4"]
[WhiteElo "820"]
[BlackElo "1182"]
[WhiteTeam "USV TU Dresden"]
[BlackTeam "Hagener SV"]
[PlyCount "88"]
[WhiteFideId "12975087"]
[BlackFideId "16214129"]
[EventCountry "GER"]
[EventRounds "7"]
[EventType "team-swiss"]
[EventDate "2015.12.26"]

1. e4 d5 2. exd5 Qxd5 3. Nc3 Qa5 4. d4 c6 5. Nf3 Bg4 6. h3 Bh5 7. Bf4 Nf6 8. a3
Nd5 9. b4 Qd8 10. Nxd5 Qxd5 11. c4 Qd7 12. Be2 f6 13. O-O e6 14. c5 Qf7 15. Bd3
Nd7 16. Qe2 Rd8 17. Qe3 Be7 18. Nd2 Bg6 19. Be2 b6 20. Nc4 bxc5 21. dxc5 O-O
22. Bg4 e5 23. Bh2 Qxc4 24. Rad1 Nb8 25. Rb1 Bxb1 26. Rxb1 Rd3 27. Be2 Rfd8 28.
Bxd3 Rxd3 29. Qe2 Nd7 30. Rb2 Qc1+ 31. Qf1 Rd1 32. g3 Rxf1+ 33. Kg2 Nxc5 34.
Ra2 Nd3 35. b5 Bc5 36. b6 axb6 37. h4 Bxf2 38. Rxf2 Nxf2 39. Bg1 Qe3 40. a4 Qe2
41. a5 Nh3+ 42. Kxh3 Rxg1 43. axb6 h5 44. b7 Qg2# 0-1

[Event "DVM U12 2015"]
[Site "Magdeburg GER"]
[Date "2015.12.28"]
[Round "3"]
[White "Huber, Benedikt"]
[Black "Suvorov, Alexander"]
[Result "1/2-1/2"]
[Termination "normal"]
[Board "1.1"]
[WhiteElo "1960"]
[BlackElo "1946"]
[WhiteClock "00:19:42"]
[BlackClock "00:02:10"]
[WhiteTeam "SK München Südost"]
[BlackTeam "SG Porz"]
[PlyCount "125"]
[WhiteFideId "12923583"]
[BlackFideId "12977063"]
[EventCountry "GER"]
[EventRounds "7"]
[EventType "team-swiss"]
[EventDate "2015.12.26"]

1. d4 d5 2. Nf3 Nf6 3. Bf4 c5 4. e3 Nc6 5. Nc3 a6 6. h3 Bf5 7. a3 e6 8. Be2 Bd6
9. Bxd6 Qxd6 10. O-O h6 11. Na4 cxd4 12. exd4 Ne4 13. b4 O-O 14. Nc5 Rab8 15.
Nd3 Rfc8 16. Rc1 a5 17. c3 Na7 18. Nc5 b6 19. Nxe4 Bxe4 20. Nd2 Bh7 21. Qb3
axb4 22. axb4 Nc6 23. Nf3 Ra8 24. Ra1 Qc7 25. Ba6 Rcb8 26. Bb5 Na7 27. Be2 Nc6
28. Ra2 Rxa2 29. Qxa2 Rb7 30. Ra1 Ra7 31. Qb2 Be4 32. Ra2 Qb8 33. Qa1 Bxf3 34.
Bxf3 Qa8 35. Rxa7 Qxa7 36. Qxa7 Nxa7 37. Be2 Kf8 38. Kf1 Ke7 39. Ke1 Kd6 40.
Kd2 f6 41. f4 Nc6 42. Ke3 e5 43. fxe5+ fxe5 44. dxe5+ Kxe5 45. Bf3 Ne7 46. Bg4
Ng8 47. Bf3 Nf6 48. g4 g5 49. Bg2 Ne8 50. Bf1 Nd6 51. Bd3 Ne8 52. Be2 Nd6 53.
Bd3 Ne8 54. Be2 Ng7 55. Bd3 Ne6 56. Be2 Nf4 57. Bf1 Ne6 58. Be2 Nd8 59. Bd1 Ne6
60. Be2 Nd8 61. Bd1 Nc6 62. Bf3 Nd8 63. Bd1 1/2-1/2

[Event "DVM U12 2015"]
[Site "Magdeburg GER"]
[Date "2015.12.28"]
[Round "3"]
[White "Suvorov, Luca"]
[Black "Lohvinov, Petro"]
[Result "1-0"]
[Termination "normal"]
[Board "1.2"]
[WhiteElo "1904"]
[BlackElo "1693"]
[WhiteClock "00:13:46"]
[BlackClock "00:17:48"]
[WhiteTeam "SG Porz"]
[BlackTeam "SK München Südost"]
[PlyCount "115"]
[WhiteFideId "12977071"]
[BlackFideId "14176661"]
[EventCountry "GER"]
[EventRounds "7"]
[EventType "team-swiss"]
[EventDate "2015.12.26"]

1. d4 Nf6 2. c4 e6 3. Nf3 b6 4. a3 Ba6 5. e3 d5 6. Nbd2 c5 7. cxd5 Bxf1 8. Nxf1
exd5 9. Ng3 Nbd7 10. O-O Be7 11. b3 O-O 12. Nf5 g6 13. Nxe7+ Qxe7 14. Bb2 Rfd8
15. Qe2 Ne4 16. Rfd1 f6 17. Rac1 Rac8 18. Rc2 Rc7 19. dxc5 Ndxc5 20. Nd4 Qf7
21. Nb5 Rcd7 22. b4 Ne6 23. Rdc1 a6 24. Nd4 Nxd4 25. Bxd4 b5 26. Rc6 Rd6 27.
Rc8 Rxc8 28. Rxc8+ Kg7 29. Qc2 Qe6 30. f3 Ng5 31. Qc7+ Rd7 32. Qc5 Qe7 33. Rc6
Ne6 34. Qxe7+ Rxe7 35. Rxa6 Nxd4 36. exd4 Re2 37. Ra7+ Kg8 38. Rd7 Ra2 39. Rxd5
Rxa3 40. Rxb5 Ra2 41. d5 Kf7 42. Rb7+ Ke8 43. Rxh7 Rd2 44. h4 Rxd5 45. Rg7 Rd4
46. Rxg6 Rxb4 47. Rxf6 Rxh4 48. Ra6 Kf7 49. g4 Rh8 50. Kg2 Rc8 51. Kg3 Rc3 52.
g5 Kg7 53. Kg4 Rc1 54. f4 Rg1+ 55. Kf5 Rg2 56. Ra7+ Kg8 57. Kg6 Kf8 58. f5 1-0

[Event "DVM U12 2015"]
[Site "Magdeburg GER"]
[Date "2015.12.28"]
[Round "3"]
[White "Grunert, Friedrich"]
[Black "Zyla, Lennert"]
[Result "0-1"]
[Termination "normal"]
[Board "1.3"]
[WhiteElo "1694"]
[BlackElo "1840"]
[WhiteClock "00:27:51"]
[BlackClock "00:14:22"]
[WhiteTeam "SK München Südost"]
[BlackTeam "SG Porz"]
[PlyCount "86"]
[WhiteFideId "12995592"]
[BlackFideId "12981567"]
[EventCountry "GER"]
[EventRounds "7"]
[EventType "team-swiss"]
[EventDate "2015.12.26"]

1. e4 c5 2. Nf3 e6 3. d4 cxd4 4. Nxd4 a6 5. c4 Nf6 6. Nc3 d6 7. Be2 Be7 8. O-O
O-O 9. Be3 Nbd7 10. f4 e5 11. Nf5 Nb8 12. Kh1 Nc6 13. Nxe7+ Qxe7 14. Nd5 Nxd5
15. cxd5 exf4 16. Bxf4 Ne5 17. Qd4 Bg4 18. Bxe5 dxe5 19. Qe3 Bxe2 20. Qxe2 Qd6
21. Rf5 g6 22. Rg5 f6 23. Rg3 f5 24. h3 fxe4 25. Qxe4 Rf4 26. Qc2 Qxd5 27. Rd1
Rd4 28. Rxg6+ Kh8 29. Rxd4 exd4 30. Rh6 Qf7 31. Qe4 Rd8 32. Qh4 Rd7 33. Qf6+
Qxf6 34. Rxf6 Kg7 35. Rf2 d3 36. Rf1 Re7 37. Rd1 Re3 38. Kg1 Kg6 39. Rd2 Kf5
40. Kf2 Ke4 41. h4 h5 42. g3 Rf3+ 43. Kg2 Rf8 0-1

[Event "DVM U12 2015"]
[Site "Magdeburg GER"]
[Date "2015.12.28"]
[Round "3"]
[White "Pislaru, Adrian"]
[Black "Grunert, Wilhelm"]
[Result "1-0"]
[Termination "normal"]
[Board "1.4"]
[WhiteElo "1777"]
[BlackElo "1374"]
[WhiteClock "01:18:29"]
[BlackClock "00:57:06"]
[WhiteTeam "SG Porz"]
[BlackTeam "SK München Südost"]
[PlyCount "85"]
[WhiteFideId "12940240"]
[BlackFideId "12995673"]
[EventCountry "GER"]
[EventRounds "7"]
[EventType "team-swiss"]
[EventDate "2015.12.26"]

1. Nf3 Nf6 2. c4 g6 3. g3 Bg7 4. Bg2 O-O 5. Nc3 d6 6. d4 Nbd7 7. O-O e5 8. dxe5
Nxe5 9. Nxe5 dxe5 10. Qxd8 Rxd8 11. Bg5 h6 12. Bxf6 Bxf6 13. Nd5 Bg7 14. Nxc7
Rb8 15. Rad1 Bf5 16. Nd5 Rd7 17. e4 Be6 18. b4 Rc8 19. c5 a5 20. a3 Bxd5 21.
exd5 axb4 22. axb4 f5 23. c6 bxc6 24. dxc6 e4 25. cxd7 Rd8 26. b5 Be5 27. Rd5
Bc7 28. Rb1 Bb6 29. Rd6 Bc7 30. Ra6 Kf7 31. b6 Be5 32. b7 Bb8 33. Ra8 Ke7 34.
Rc1 Kxd7 35. Rd1+ Bd6 36. Rxd6+ Kxd6 37. Rxd8+ Kc7 38. Rd7+ Kxd7 39. b8=Q Ke6
40. Qb5 Kf6 41. Qd5 Kg5 42. h4+ Kg4 43. Qd1# 1-0

[Event "DVM U12 2015"]
[Site "Magdeburg GER"]
[Date "2015.12.28"]
[Round "3"]
[White "Henning, Marvin"]
[Black "Wagner, Leopold Franziskus"]
[Result "1/2-1/2"]
[Termination "normal"]
[Board "2.1"]
[WhiteElo "1774"]
[BlackElo "1897"]
[WhiteClock "00:37:10"]
[BlackClock "00:08:43"]
[WhiteTeam "Reideburger SV 90 Halle"]
[BlackTeam "BSG Grün-Weiß Leipzig"]
[PlyCount "116"]
[WhiteFideId "12957399"]
[BlackFideId "1641581"]
[EventCountry "GER"]
[EventRounds "7"]
[EventType "team-swiss"]
[EventDate "2015.12.26"]

1. e4 c6 2. d4 d5 3. exd5 cxd5 4. c4 e6 5. Nc3 Nf6 6. Nf3 Be7 7. Bf4 O-O 8. h3
b6 9. a3 Bb7 10. Be2 Nbd7 11. Qc2 dxc4 12. Bxc4 Rc8 13. Bd3 h6 14. Rg1 Nd5 15.
Bd2 Bf6 16. Be4 Qc7 17. Rc1 Qb8 18. g4 Nxc3 19. bxc3 Bxe4 20. Qxe4 e5 21. d5
Nc5 22. Qf5 e4 23. g5 Be5 24. Nxe5 Qxe5 25. Qxe5 Nd3+ 26. Ke2 Nxe5 27. gxh6 g6
28. Rg5 f6 29. Rg3 Kh7 30. Rcg1 Rg8 31. h4 Rcd8 32. c4 Nxc4 33. Rc3 Nxd2 34.
Kxd2 Rxd5+ 35. Ke3 f5 36. Rc7+ Kxh6 37. Rxa7 Rd3+ 38. Ke2 Rgd8 39. Rf7 Rxa3 40.
Rf6 Ra2+ 41. Ke3 Rg8 42. Rxb6 Ra3+ 43. Kd2 Rh3 44. Rg5 Kh7 45. h5 Rxh5 46.
Rxh5+ gxh5 47. Ke3 Rg4 48. Rf6 Rg5 49. Kf4 Rg2 50. Rxf5 Rxf2+ 51. Kxe4 Rh2 52.
Kf4 Kg6 53. Rg5+ Kh6 54. Kg3 Ra2 55. Rb5 Ra3+ 56. Kh4 Kg6 57. Rb6+ Kf5 58. Rb5+
Kg6 1/2-1/2

[Event "DVM U12 2015"]
[Site "Magdeburg GER"]
[Date "2015.12.28"]
[Round "3"]
[White "Nguyen, Alex Dac-Vuong"]
[Black "Post, Hugo"]
[Result "0-1"]
[Termination "normal"]
[Board "2.2"]
[WhiteElo "1873"]
[BlackElo "1737"]
[WhiteClock "00:57:10"]
[BlackClock "00:39:12"]
[WhiteTeam "BSG Grün-Weiß Leipzig"]
[BlackTeam "Reideburger SV 90 Halle"]
[PlyCount "50"]
[WhiteFideId "12984388"]
[BlackFideId "12962490"]
[EventCountry "GER"]
[EventRounds "7"]
[EventType "team-swiss"]
[EventDate "2015.12.26"]

1. e4 c5 2. Nf3 d6 3. d4 cxd4 4. Nxd4 Nf6 5. Nc3 g6 6. Be3 Bg7 7. f3 O-O 8. Qd2
Nc6 9. O-O-O Nxd4 10. Bxd4 Be6 11. Kb1 Qc7 12. g4 Rfc8 13. h4 Qa5 14. a3 Rab8
15. h5 b5 16. hxg6 hxg6 17. g5 b4 18. Nb5 Nh5 19. Bxg7 Kxg7 20. Nd4 Qa4 21.
Nxe6+ fxe6 22. axb4 Rxb4 23. b3 Qa3 24. Bd3 Ra4 25. f4 Qa1# 0-1

[Event "DVM U12 2015"]
[Site "Magdeburg GER"]
[Date "2015.12.28"]
[Round "3"]
[White "Dietz, Florian"]
[Black "Haufe, Laurin"]
[Result "1-0"]
[Termination "normal"]
[Board "2.3"]
[WhiteElo "1829"]
[BlackElo "1575"]
[WhiteClock "00:33:14"]
[BlackClock "00:34:48"]
[WhiteTeam "Reideburger SV 90 Halle"]
[BlackTeam "BSG Grün-Weiß Leipzig"]
[PlyCount "171"]
[WhiteFideId "12939897"]
[BlackFideId "12976504"]
[EventCountry "GER"]
[EventRounds "7"]
[EventType "team-swiss"]
[EventDate "2015.12.26"]

1. e4 c5 2. Nf3 d6 3. d4 cxd4 4. Nxd4 Nf6 5. Nc3 a6 6. Be3 Ng4 7. Bc1 Qb6 8.
Be2 Nf6 9. a3 e5 10. Nf3 Be7 11. Be3 Qc7 12. a4 Qa5 13. O-O Qb4 14. a5 Nbd7 15.
Ra4 Qxb2 16. Qd2 b5 17. Ra2 Qb4 18. Rb1 Nxe4 19. Rxb4 Nxd2 20. Bxd2 Bb7 21. Rb1
O-O 22. Bg5 Bxg5 23. Nxg5 h6 24. Nge4 d5 25. Ng3 f5 26. Raa1 Rac8 27. Nd1 f4
28. Nf1 Rxc2 29. Bd3 Rc7 30. f3 e4 31. fxe4 dxe4 32. Be2 Rc2 33. Rb2 Rxb2 34.
Nxb2 Rc8 35. Bg4 Rc2 36. Bxd7 Rxb2 37. Re1 f3 38. Rd1 Rxg2+ 39. Kh1 Rg5 40. Ne3
Re5 41. Kg1 Re7 42. Kf2 Kh7 43. Rd6 g6 44. Nc2 b4 45. Be6 g5 46. Nxb4 e3+ 47.
Kxe3 Bc8 48. Kxf3 Rxe6 49. Rxe6 Bxe6 50. Nxa6 g4+ 51. Kg3 Kg6 52. Nc7 Bd7 53.
a6 Kg5 54. a7 Bc6 55. a8=Q Bxa8 56. Nxa8 h5 57. Nc7 h4+ 58. Kg2 Kf5 59. Nd5 Ke4
60. Ne7 Kf4 61. Ng6+ Kg5 62. Ne5 Kf4 63. Nf7 Kf5 64. Kf1 Kf4 65. Ke2 Ke4 66.
Nd8 Kf4 67. Ne6+ Kf5 68. Nd4+ Ke4 69. Nb5 Kf4 70. Nd4 Ke4 71. Nc2 Kf4 72. Ne1
g3 73. h3 g2 74. Nf3 Kg3 75. Ng1 Kh2 76. Kf2 Kh1 77. Nf3 g1=Q+ 78. Nxg1 Kh2 79.
Kf3 Kxg1 80. Kg4 Kf2 81. Kxh4 Kf3 82. Kg5 Ke4 83. h4 Ke5 84. h5 Ke6 85. Kg6 Ke7
86. Kg7 1-0

[Event "DVM U12 2015"]
[Site "Magdeburg GER"]
[Date "2015.12.28"]
[Round "3"]
[White "Rose, Noah"]
[Black "Seidel, Arne Christian"]
[Result "0-1"]
[Termination "normal"]
[Board "2.4"]
[WhiteElo "1547"]
[BlackElo "1488"]
[WhiteClock "00:18:23"]
[BlackClock "00:50:59"]
[WhiteTeam "BSG Grün-Weiß Leipzig"]
[BlackTeam "Reideburger SV 90 Halle"]
[PlyCount "74"]
[WhiteFideId "12990191"]
[BlackFideId "16235142"]
[EventCountry "GER"]
[EventRounds "7"]
[EventType "team-swiss"]
[EventDate "2015.12.26"]

1. e4 e5 2. Nf3 Nc6 3. Bc4 Bc5 4. c3 Nf6 5. d4 exd4 6. cxd4 Bb4+ 7. Nc3 Nxe4 8.
O-O Bxc3 9. d5 Bf6 10. Re1 O-O 11. Rxe4 Na5 12. Bd3 d6 13. h3 c5 14. Qc2 g6 15.
Bf4 c4 16. Bxc4 Bf5 17. Bd3 Rc8 18. Qd2 Bxe4 19. Bxe4 Nc4 20. Qb4 Re8 21. Re1
Nxb2 22. Qxd6 Qxd6 23. Bxd6 Rc4 24. Bd3 Rxe1+ 25. Nxe1 Rc1 26. Kf1 Nxd3 27. Ke2
Rxe1+ 28. Kxd3 Rd1+ 29. Kc4 b6 30. Bb8 Rd4+ 31. Kb5 Rxd5+ 32. Kc6 Ra5 33. Bf4
Rxa2 34. Be3 Be5 35. g3 Re2 36. g4 Bg3 37. fxg3 Rxe3 0-1

[Event "DVM U12 2015"]
[Site "Magdeburg GER"]
[Date "2015.12.28"]
[Round "3"]
[White "Hüls, Maximilian"]
[Black "Grabbel, Lennart Christian"]
[Result "0-1"]
[Termination "normal"]
[Board "3.1"]
[WhiteElo "1671"]
[BlackElo "1687"]
[WhiteTeam "SV Mattnetz Berlin"]
[BlackTeam "Hamburger SK von 1830"]
[PlyCount "98"]
[WhiteFideId "12949698"]
[BlackFideId "16201620"]
[EventCountry "GER"]
[EventRounds "7"]
[EventType "team-swiss"]
[EventDate "2015.12.26"]

1. e4 c5 2. c3 d5 3. exd5 Qxd5 4. d4 Nc6 5. Nf3 Bg4 6. Be2 e6 7. Be3 cxd4 8.
cxd4 Nf6 9. Nc3 Bb4 10. O-O Qa5 11. Qb3 O-O 12. a3 Bxc3 13. bxc3 Qc7 14. Rac1
Rfd8 15. h3 Bh5 16. Rfd1 Rac8 17. g4 Bg6 18. Bd3 Bxd3 19. Rxd3 Na5 20. Qa4 Nc4
21. Bg5 Nb2 22. Qc2 Nxd3 23. Qxd3 Qe7 24. c4 h6 25. Bh4 b6 26. Bg3 b5 27. c5
Rxc5 28. Rxc5 Qxc5 29. dxc5 Rxd3 30. c6 Rc3 31. Nd4 Rc4 32. c7 a6 33. Nb3 Nd5
34. Bd6 Nxc7 35. Nc5 f6 36. Kg2 e5 37. Kf3 Kf7 38. Ke3 Ne8 39. Nb7 Rc3+ 40. Ke4
Rxh3 41. Nd8+ Kg6 42. Bb4 Rh1 43. Ne6 Rd1 44. Nc5 Nc7 45. Nd3 Kf7 46. Nc5 Rd4+
47. Kf3 Rc4 48. Ne4 Ne8 49. Nc5 a5 0-1

[Event "DVM U12 2015"]
[Site "Magdeburg GER"]
[Date "2015.12.28"]
[Round "3"]
[White "Müller, Marvin"]
[Black "Bui, Bao Anh Le"]
[Result "0-1"]
[Termination "normal"]
[Board "3.2"]
[WhiteElo "1536"]
[BlackElo "1675"]
[WhiteTeam "Hamburger SK von 1830"]
[BlackTeam "SV Mattnetz Berlin"]
[PlyCount "122"]
[WhiteFideId "16214528"]
[BlackFideId "12970719"]
[EventCountry "GER"]
[EventRounds "7"]
[EventType "team-swiss"]
[EventDate "2015.12.26"]

1. e4 c5 2. Nf3 d6 3. d4 cxd4 4. Nxd4 Nf6 5. Nc3 a6 6. Be3 e5 7. Nb3 Be6 8. Qd2
Be7 9. Be2 Nbd7 10. O-O O-O 11. h3 b5 12. Rac1 Nb6 13. Bxb6 Qxb6 14. Bf3 Rac8
15. Ne2 Rc4 16. Ng3 Qc7 17. c3 Rd8 18. Qe2 Ra4 19. Qc2 Rxa2 20. Ra1 Rxa1 21.
Rxa1 Qb6 22. Rd1 Rc8 23. Be2 Qc6 24. Bd3 b4 25. Rc1 bxc3 26. bxc3 Qa4 27. Rb1
g6 28. f3 Nd7 29. Ne2 Bxb3 30. Qxb3 Qxb3 31. Rxb3 Nc5 32. Bxa6 Nxa6 33. Rb7 Kf8
34. Rb5 Nc7 35. Rb7 Ke8 36. Kf2 Ne6 37. g3 Nc5 38. Rb1 Bg5 39. h4 Bh6 40. g4
Nd3+ 41. Kf1 Nf4 42. g5 Bf8 43. Rc1 Be7 44. c4 Nd3 45. Rc2 Bd8 46. Nc1 Nb4 47.
Rc3 Ke7 48. Ke2 d5 49. exd5 Nxd5 50. Rc2 Nf4+ 51. Kf2 Bb6+ 52. Kg3 Be3 53. Nb3
Kd6 54. Kh2 Nd5 55. Na5 Bb6 56. Nb3 Ne3 57. Rd2+ Ke6 58. Rd3 Rxc4 59. Nd2 Rd4
60. Rxd4 exd4 61. Nb3 d3 0-1

[Event "DVM U12 2015"]
[Site "Magdeburg GER"]
[Date "2015.12.28"]
[Round "3"]
[White "Stockter, Jasper Enno"]
[Black "Goltser, Ilja"]
[Result "1/2-1/2"]
[Termination "normal"]
[Board "3.3"]
[WhiteElo "1479"]
[BlackElo "1504"]
[WhiteTeam "SV Mattnetz Berlin"]
[BlackTeam "Hamburger SK von 1830"]
[PlyCount "74"]
[WhiteFideId "12957291"]
[BlackFideId "14174782"]
[EventCountry "GER"]
[EventRounds "7"]
[EventType "team-swiss"]
[EventDate "2015.12.26"]

1. e4 e6 2. d4 d5 3. exd5 exd5 4. Qf3 c6 5. Bd3 Bd6 6. Ne2 Nd7 7. Nbc3 Qf6 8.
Qxf6 Ndxf6 9. Bf4 Bxf4 10. Nxf4 Ne7 11. O-O O-O 12. Rfe1 Re8 13. Nfe2 Bf5 14.
Bxf5 Nxf5 15. Rad1 Re7 16. h3 h5 17. Na4 b6 18. c3 Rae8 19. Kf1 c5 20. b3 cxd4
21. Nxd4 Nxd4 22. Rxe7 Rxe7 23. Rxd4 Rc7 24. c4 dxc4 25. Rxc4 Rxc4 26. bxc4 Nd7
27. Ke2 Kf8 28. Ke3 Ke7 29. Kd4 Ke6 30. c5 bxc5+ 31. Nxc5+ Nxc5 32. Kxc5 g5 33.
g3 Ke5 34. Kc6 f5 35. Kb7 Ke4 36. Kxa7 Kf3 37. Kb6 Kxf2 1/2-1/2

[Event "DVM U12 2015"]
[Site "Magdeburg GER"]
[Date "2015.12.28"]
[Round "3"]
[White "Fuhrmann, Philipp"]
[Black "Karge, Ole Jannes"]
[Result "1-0"]
[Termination "time forfeit"]
[Board "3.4"]
[WhiteElo "1190"]
[BlackElo "1495"]
[WhiteTeam "Hamburger SK von 1830"]
[BlackTeam "SV Mattnetz Berlin"]
[PlyCount "143"]
[WhiteFideId "16227557"]
[BlackFideId "12957267"]
[EventCountry "GER"]
[EventRounds "7"]
[EventType "team-swiss"]
[EventDate "2015.12.26"]

1. e4 c5 2. Nf3 d6 3. d4 cxd4 4. Nxd4 a6 5. Nc3 Nc6 6. Be3 e5 7. Nf3 Nf6 8. Bc4
Be6 9. Bxe6 fxe6 10. Bg5 Be7 11. Qd2 O-O 12. h4 b5 13. Bxf6 Bxf6 14. h5 Nd4 15.
Nxd4 exd4 16. Ne2 e5 17. Ng3 d5 18. Qd3 Bg5 19. exd5 Qxd5 20. Qb3 Qc4 21. Qxc4+
bxc4 22. Ne4 Be7 23. f3 Rab8 24. b3 Bb4+ 25. Ke2 Rbc8 26. h6 cxb3 27. hxg7
Rxc2+ 28. Kf1 Kxg7 29. axb3 Rfc8 30. Rh5 d3 31. Rxe5 d2 32. Rd1 Rc1 33. Nf2 Bc5
34. Rd5 Bxf2 35. R5xd2 Rxd1+ 36. Rxd1 Bg3 37. Rd4 Kh6 38. Rg4 Rc1+ 39. Ke2 Rc2+
40. Kf1 Bc7 41. Re4 Rc6 42. Ke2 Rb6 43. Ra4 a5 44. Rh4+ Kg7 45. Rg4+ Kf7 46.
Rh4 Kg8 47. Rg4+ Kh8 48. Rc4 Bd6 49. Ra4 Bb4 50. Ra2 Re6+ 51. Kf2 Rc6 52. Rb2
Rc3 53. g4 Ba3 54. Rb1 Bc5+ 55. Kg2 Rc2+ 56. Kg3 Bd6+ 57. Kh4 Rc3 58. Rd1 Be7+
59. Kg3 Rxb3 60. Rd7 Bf6 61. Ra7 Ra3 62. Kf4 Kg8 63. g5 Bd4 64. Rd7 Be3+ 65.
Kf5 Bb6 66. f4 Rf3 67. Ke5 a4 68. f5 Re3+ 69. Kf6 a3 70. g6 hxg6 71. Rb7 a2 72.
Rb8+ {Zeitüberschreitung} 1-0

[Event "DVM U12 2015"]
[Site "Magdeburg GER"]
[Date "2015.12.28"]
[Round "3"]
[White "Astner, Sebastian"]
[Black "Noever, Niklas"]
[Result "1-0"]
[Termination "normal"]
[Board "4.1"]
[WhiteElo "1678"]
[BlackElo "1592"]
[WhiteTeam "FC Ergolding 1932"]
[BlackTeam "Rheydter SV 1920"]
[PlyCount "123"]
[WhiteFideId "12979422"]
[BlackFideId "12988642"]
[EventCountry "GER"]
[EventRounds "7"]
[EventType "team-swiss"]
[EventDate "2015.12.26"]

1. e4 c5 2. Nf3 Nc6 3. Ng1 Nb8 4. Nc3 Nc6 5. f4 e6 6. Nf3 g6 7. d3 Bg7 8. Be3
Qa5 9. Bd2 Nge7 10. e5 Qb6 11. Na4 Qc7 12. Nc3 O-O 13. Ne4 b6 14. Qe2 Bb7 15.
c3 Nd8 16. Qf2 Bxe4 17. dxe4 d5 18. Bd3 Nb7 19. O-O Qc6 20. Rfe1 c4 21. Bc2 Nc5
22. Nd4 Qc7 23. Rad1 Qb7 24. Nb5 Qd7 25. Nd6 Nb7 26. exd5 exd5 27. Nxb7 Qxb7
28. f5 Nxf5 29. Bxf5 gxf5 30. Qxf5 Qc8 31. Qxc8 Raxc8 32. Bg5 f6 33. exf6 Bxf6
34. Bxf6 Rxf6 35. Rxd5 Rcf8 36. Rd2 b5 37. h3 Kg7 38. Re7+ R8f7 39. Rdd7 a5 40.
Rxf7+ Rxf7 41. Rxf7+ Kxf7 42. g3 h5 43. Kf2 Kf6 44. Kf3 Ke5 45. g4 h4 46. Ke3
a4 47. Kf3 Ke6 48. Kf4 Kf6 49. g5+ Kg6 50. Kg4 Kg7 51. Kxh4 Kg6 52. Kg4 Kf7 53.
Kf5 Kg7 54. h4 Kf7 55. h5 Kg7 56. h6+ Kh7 57. g6+ Kg8 58. Kf6 Kh8 59. Kf7 b4
60. g7+ Kh7 61. g8=Q+ Kxh6 62. Qg6# 1-0

[Event "DVM U12 2015"]
[Site "Magdeburg GER"]
[Date "2015.12.28"]
[Round "3"]
[White "Bartels, Simon"]
[Black "Kühne, Maria"]
[Result "0-1"]
[Termination "normal"]
[Board "4.2"]
[WhiteElo "1512"]
[BlackElo "1603"]
[WhiteTeam "Rheydter SV 1920"]
[BlackTeam "FC Ergolding 1932"]
[PlyCount "74"]
[WhiteFideId "12990140"]
[BlackFideId "12997412"]
[EventCountry "GER"]
[EventRounds "7"]
[EventType "team-swiss"]
[EventDate "2015.12.26"]

1. e4 Nc6 2. d4 e5 3. Nf3 exd4 4. Nxd4 Bc5 5. Be3 Qf6 6. c3 Nge7 7. g3 b6 8.
Bg2 Ba6 9. b4 Bxd4 10. Bxd4 Nxd4 11. Qxd4 Qxd4 12. cxd4 Rc8 13. Nc3 Bb7 14. a3
O-O 15. O-O c6 16. Rfd1 Rcd8 17. Bh3 f6 18. Rac1 g5 19. Bg4 Kg7 20. f4 gxf4 21.
gxf4 f5 22. exf5 Nxf5 23. Bxf5 Rxf5 24. Rf1 Rdf8 25. Rce1 Kf7 26. Re3 h5 27.
Ne4 Rd5 28. Ng5+ Kg6 29. Re4 c5 30. Nh3 cxd4 31. Rd1 d3 32. Re3 d2 33. Kf2 Bc6
34. Re5 Rxe5 35. Rxd2 Re4 36. Rd6+ Rf6 37. Rd2 d5 0-1